[Event "Olimpiade 2024 - Donne"]
[Site "Budapest"]
[Date "21.09.2024"]
[Round "10.67"]
[Board "2"]
[White "Kouassi Edichy Berenice"]
[Black "Ramas, Carmina Jasmine"]
[Result "0-1"]
[WhiteElo "1528"]
[BlackElo "1712"]
[WhiteTeam "Cote dâ€™Ivoire"]
[BlackTeam "Guam"]
[WhiteFideId "20803400"]
[BlackFideId "31001548"]
[EventDate "2024.09.11"]

1. d4 d6 2. Bf4 Nf6 3. Nf3 Nbd7 4. c3 c6 5. e3 Qc7 6. Bd3 e5 7. dxe5 dxe5 8. Bg3
Bd6 9. Nbd2 Nc5 10. Qc2 h6 11. Nc4 Ncd7 12. Nxd6+ Qxd6 13. O-O-O Qe7 14. Nd2 b5
15. Rhe1 a5 16. f4 O-O 17. Ne4 Nxe4 18. Bxe4 Ra6 19. Bf3 Re8 20. Rd2 e4 21. Bg4
Nc5 22. Bxc8 Nd3+ 23. Rxd3 exd3 24. Qxd3 Rxc8 25. Qc2 Ra7 26. Bf2 Rd7 27. Rd1
Rcd8 28. Rxd7 Qxd7 29. g3 Qd5 30. b3 Qh1+ 31. Kb2 Qd1 32. Qxd1 Rxd1 33. Kc2 Rf1
34. Kb2 Rxf2+ 35. Ka3 Rxh2 36. b4 a4 37. c4 Re2 38. cxb5 cxb5 39. e4 Rxe4 40.
Kb2 Rc4 41. f5 Kf8 42. Ka3 Rc3+ 43. Kb2 Rxg3 44. Kc2 h5 45. Kd2 h4 46. Ke2 h3
47. Kf2 Rg5 48. Kf3 h2 49. Kf4 Rg1 50. a3 h1=Q 51. f6 Qh4+ 52. Kf3 Rg3+ 53. Ke2
Qh2+ 54. Ke1 Rg1# 0-1

[Event "Olimpiade 2024 - Donne"]
[Site "Budapest"]
[Date "21.09.2024"]
[Round "10.67"]
[Board "3"]
[White "Benzon, Tiffany"]
[Black "Gba, Zotta Marcelle Aurore Regine"]
[Result "1-0"]
[WhiteElo "1610"]
[BlackElo "1427"]
[WhiteTeam "Guam"]
[BlackTeam "Cote dâ€™Ivoire"]
[WhiteFideId "31001564"]
[BlackFideId "20804237"]
[EventDate "2024.09.11"]

1. e4 e5 2. Nf3 Nc6 3. Bc4 Bc5 4. O-O Nf6 5. d3 h6 6. h3 O-O 7. Nc3 d6 8. Be3
Bxe3 9. fxe3 a6 10. a4 Ne7 11. b4 c6 12. Bb3 Qc7 13. Qd2 Bd7 14. d4 exd4 15.
exd4 Rfe8 16. e5 dxe5 17. Nxe5 Ned5 18. Nxd5 Nxd5 19. Rxf7 Rad8 20. Raf1 Nf6 21.
Rxd7+ 1-0

[Event "Olimpiade 2024 - Donne"]
[Site "Budapest"]
[Date "21.09.2024"]
[Round "10.68"]
[Board "2"]
[White "Marcos, Taqesyah"]
[Black "Cancino, Shiela"]
[Result "1-0"]
[WhiteElo "1679"]
[BlackElo "1663"]
[WhiteTeam "Netherlands Antilles"]
[BlackTeam "Bermuda"]
[WhiteFideId "7500610"]
[BlackFideId "8800448"]
[EventDate "2024.09.11"]

1. d4 c5 2. e3 e6 3. Nf3 Nf6 4. Bd3 Nc6 5. b3 b6 6. Bb2 Bb7 7. a3 Be7 8. Nbd2
Qc7 9. Rc1 d6 10. c3 a5 11. dxc5 dxc5 12. O-O O-O 13. Qc2 Ne5 14. Be2 Nxf3+ 15.
Bxf3 Bxf3 16. Nxf3 c4 17. b4 Bd6 18. h3 e5 19. e4 Nh5 20. Rcd1 Nf4 21. Bc1 Rad8
22. Bxf4 exf4 23. Rd5 Be7 24. Rfd1 Rxd5 25. Rxd5 Rd8 26. Qd2 f6 27. Rxd8+ Bxd8
28. Qd5+ Kh8 29. Nd4 Be7 30. Qf7 Qd7 31. Ne6 Qd1+ 32. Kh2 1-0

[Event "Olimpiade 2024 - Donne"]
[Site "Budapest"]
[Date "21.09.2024"]
[Round "10.68"]
[Board "3"]
[White "Gontcharova, Olga"]
[Black "Pieter, Liana"]
[Result "0-1"]
[WhiteElo "1567"]
[BlackElo "1619"]
[WhiteTeam "Bermuda"]
[BlackTeam "Netherlands Antilles"]
[WhiteFideId "8801312"]
[BlackFideId "7502192"]
[EventDate "2024.09.11"]

1. d4 d5 2. Nc3 Nf6 3. Bf4 Bf5 4. Nb5 Na6 5. e3 c6 6. Nc3 Nc7 7. Bd3 Bg6 8. Nf3
e6 9. O-O Bd6 10. Bxd6 Qxd6 11. Ne5 Ne4 12. f3 Nxc3 13. bxc3 Bxd3 14. Qxd3 f6
15. Ng4 O-O 16. f4 h5 17. Nf2 e5 18. Nh3 exd4 19. cxd4 Ne6 20. c3 c5 21. c4 cxd4
22. exd4 dxc4 23. Qc3 Qxd4+ 24. Qxd4 Nxd4 25. Rf2 b5 26. a3 a5 27. Rd1 Nb3 28.
Rd5 Rab8 29. Rxh5 Rfd8 30. g4 g6 31. Rh4 Rd1+ 32. Kg2 Rd2 33. f5 Rxf2+ 34. Nxf2
c3 35. Nd3 Rd8 36. Rh3 c2 37. Nc1 Nxc1 38. Rc3 Rd2+ 39. Kf1 gxf5 40. gxf5 Rxh2
41. Ke1 Nd3+ 42. Kf1 c1=Q+ 43. Rxc1 Nxc1 44. Ke1 b4 45. Kd1 Nd3 46. a4 Nc5 47.
Kc1 Nxa4 48. Kb1 b3 49. Kc1 b2+ 50. Kb1 Nc3# 0-1

[Event "Olimpiade 2024 - Donne"]
[Site "Budapest"]
[Date "21.09.2024"]
[Round "10.69"]
[Board "1"]
[White "Georgina Sackie"]
[Black "Shariff, Sasha Christina"]
[Result "1-0"]
[BlackTitle "WCM"]
[WhiteElo "1688"]
[BlackElo "1538"]
[WhiteTeam "Liberia"]
[BlackTeam "Guyana"]
[WhiteFideId "22601708"]
[BlackFideId "19700687"]
[EventDate "2024.09.11"]

1. d4 d5 2. c4 e6 3. Nc3 Nf6 4. cxd5 exd5 5. Bg5 Be7 6. e3 Nbd7 7. Nf3 c6 8. Bd3
O-O 9. O-O Re8 10. Qc2 Nf8 11. h3 Ng6 12. h4 Bg4 13. Nh2 Bh5 14. Bxf6 Bxf6 15.
g4 Bxh4 16. gxh5 Qg5+ 17. Kh1 Qxh5 18. Rg1 Re6 19. Be2 Qh6 20. Ng4 Qg5 21. f4
Bf2 1-0

[Event "Olimpiade 2024 - Donne"]
[Site "Budapest"]
[Date "21.09.2024"]
[Round "10.69"]
[Board "2"]
[White "Joshi, Aditi Narayan"]
[Black "Meleh M. Davis"]
[Result "1-0"]
[WhiteElo "1546"]
[BlackElo "1602"]
[WhiteTeam "Guyana"]
[BlackTeam "Liberia"]
[WhiteFideId "19702647"]
[BlackFideId "22601180"]
[EventDate "2024.09.11"]

1. d4 d5 2. c4 c6 3. e3 Nf6 4. Nf3 Bg4 5. h3 Bxf3 6. Qxf3 e6 7. Nc3 Bb4 8. Bd3
Qa5 9. Bd2 dxc4 10. Bxc4 Nd5 11. e4 Nxc3 12. Bxc3 Bxc3+ 13. Qxc3 Qxc3+ 14. bxc3
Nd7 15. a4 Nb6 16. Be2 O-O 17. O-O Rfd8 18. Rfd1 Rac8 19. a5 Nd7 20. Rac1 Nf6
21. Bf3 Kf8 22. c4 Ke7 23. Kf1 Rd7 24. e5 Ne8 25. Rc3 Nc7 26. Be4 g6 27. Ke2
Rcd8 28. Rcd3 Na6 29. Ke3 Nb4 30. R3d2 b6 31. axb6 axb6 32. Rb2 c5 33. Rbd2
cxd4+ 34. Rxd4 Rxd4 35. Rd3 R8d5 36. Rxd4 Rxd4 37. Kxd4 Kd7 38. f4 Na2 39. g4
Nc1 40. Ke3 Nb3 41. Bc2 Nc5 42. h4 Ke7 43. Kd4 f5 44. exf6+ Kxf6 45. g5+ Ke7 46.
Ke5 Kd7 47. Kf6 Nb7 48. Kg7 Nd6 49. Bd3 Ke7 50. Kxh7 Nf5 51. Bxf5 gxf5 52. g6
Kf8 53. g7+ Kf7 1-0

[Event "Olimpiade 2024 - Donne"]
[Site "Budapest"]
[Date "21.09.2024"]
[Round "10.69"]
[Board "3"]
[White "Abigail Karyah"]
[Black "Clement, Ciel Desiree"]
[Result "1-0"]
[WhiteElo "1790"]
[BlackElo "1460"]
[WhiteTeam "Liberia"]
[BlackTeam "Guyana"]
[WhiteFideId "22601147"]
[BlackFideId "19702124"]
[EventDate "2024.09.11"]

1. d4 d5 2. c4 e6 3. Nc3 Nf6 4. cxd5 exd5 5. Bg5 Be7 6. e3 O-O 7. Bd3 c6 8. Qc2
Nbd7 9. Nf3 Re8 10. O-O Nf8 11. Rab1 Bd6 12. b4 Ng6 13. b5 h6 14. Bxf6 Qxf6 15.
bxc6 bxc6 16. Na4 Bg4 17. Nd2 Rac8 18. Nc5 Rc7 19. Rfc1 Rec8 20. Rb2 Qh4 21. g3
Qf6 22. Bf1 h5 23. Bg2 h4 24. Rb7 Rxb7 25. Nxb7 Bb8 26. Nb3 hxg3 27. hxg3 Ne7
28. N3c5 g6 29. Na6 Kg7 30. Qc5 Nf5 31. Nxb8 Rxb8 32. Qxa7 Rh8 33. Qa6 Ne7 34.
Na5 Bc8 35. Qb6 Bd7 36. Nb3 Qd6 37. Nc5 Rb8 38. Qa5 Rb5 39. Qd2 Bg4 40. a4 Rb8
41. Ra1 Ra8 42. Qb4 Nc8 43. Rb1 Qc7 44. Qb7 Ra7 45. Qxc7 Rxc7 46. Kf1 Ra7 47.
Ke1 Bf5 48. Rb2 Kf6 49. Kd2 Ke7 50. Kc3 Kd6 51. Bf1 Kc7 52. Kb4 Ra8 53. Ka3 Nb6
54. Na6+ Kb7 55. a5 Rxa6 56. Bxa6+ Kxa6 57. axb6 Bc8 58. Ka2 Bb7 59. Kb1 Ba8 60.
Kc2 Kb7 61. Ra2 Kb8 62. Ra7 Bb7 63. Kc3 1-0

[Event "Olimpiade 2024 - Donne"]
[Site "Budapest"]
[Date "21.09.2024"]
[Round "10.69"]
[Board "4"]
[White "Archibald, Treskole"]
[Black "Princess K. Banney"]
[Result "0-1"]
[WhiteElo "1444"]
[BlackElo "1447"]
[WhiteTeam "Guyana"]
[BlackTeam "Liberia"]
[WhiteFideId "11104031"]
[BlackFideId "22601201"]
[EventDate "2024.09.11"]

1. e4 c6 2. d4 d5 3. exd5 cxd5 4. Bd3 Nc6 5. c3 Nf6 6. h3 Qc7 7. Ne2 e6 8. Bf4
Bd6 9. Qd2 Bxf4 10. Nxf4 e5 11. dxe5 Qxe5+ 12. Qe2 O-O 13. Qxe5 Nxe5 14. O-O g5
15. Re1 Re8 16. Bb5 Nf3+ 17. gxf3 Rxe1+ 0-1

[Event "Olimpiade 2024 - Donne"]
[Site "Budapest"]
[Date "21.09.2024"]
[Round "10.70"]
[Board "1"]
[White "Ahmed, Najla"]
[Black "Jambo, Linda"]
[Result "1-0"]
[BlackTitle "WFM"]
[WhiteElo "1539"]
[BlackElo "1629"]
[WhiteTeam "Bahrain"]
[BlackTeam "Malawi"]
[WhiteFideId "11205270"]
[BlackFideId "16400054"]
[EventDate "2024.09.11"]

1. e4 e5 2. Nf3 Nc6 3. d4 exd4 4. Bc4 h6 5. Nxd4 Nxd4 6. Qxd4 d6 7. O-O Qf6 8.
Qe3 Qe5 9. Nc3 c6 10. Qf3 Nf6 11. Bf4 Qh5 12. Qd3 Qc5 13. Rad1 Be7 14. Bxd6 Bxd6
15. Qxd6 Qxd6 16. Rxd6 O-O 17. Rfd1 Bg4 18. f3 Bh5 19. e5 Nh7 20. Rd7 b5 21. Bb3
Ng5 22. Rc7 Bxf3 23. gxf3 Nxf3+ 24. Kg2 Nxe5 25. Ne4 a5 26. a3 a4 27. Ba2 Rac8
28. Re7 Ng4 29. Kg3 h5 30. Rdd7 Nh6 31. Nd6 Rcd8 32. Bxf7+ Nxf7 33. Rxd8 Nxd8
34. Rc7 Rf6 35. Ne4 Rf1 36. Rc8 Rd1 37. Ng5 Rd6 38. Kf4 Kf8 39. Kf5 Ke7 40. Rc7+
Rd7 41. Rxd7+ Kxd7 42. Kg6 h4 43. Kxg7 Ne6+ 44. Nxe6 Kxe6 45. Kg6 h3 46. Kg5 c5
47. Kg4 Kd5 48. Kxh3 Kc4 49. Kg4 b4 50. h4 bxa3 51. bxa3 Kc3 52. h5 Kxc2 53. h6
Kb3 54. h7 c4 55. h8=Q Kxa3 56. Qc3+ Ka2 57. Qxc4+ Ka3 58. Qc2 Kb4 59. Kf4 a3
60. Ke4 a2 61. Qxa2 Kc3 62. Ke3 Kb4 63. Kd4 Kb5 64. Qc2 Kb6 65. Kd5 Kb7 66. Qc5
Ka6 67. Qb4 Ka7 68. Kc6 1-0

[Event "Olimpiade 2024 - Donne"]
[Site "Budapest"]
[Date "21.09.2024"]
[Round "10.70"]
[Board "2"]
[White "Msukwa, Tupokiwe"]
[Black "Sharaf, Hawra"]
[Result "1-0"]
[WhiteElo "1674"]
[BlackElo "1595"]
[WhiteTeam "Malawi"]
[BlackTeam "Bahrain"]
[WhiteFideId "20500459"]
[BlackFideId "11205679"]
[EventDate "2024.09.11"]

1. Nf3 c6 2. c4 Nf6 3. d4 d5 4. Nc3 dxc4 5. e4 b5 6. Bg5 h6 7. Bh4 b4 8. Bxf6
exf6 9. Nb1 Be7 10. Bxc4 O-O 11. O-O Bg4 12. Be2 Nd7 13. h3 Bh5 14. Nbd2 Nb6 15.
Qc2 Rc8 16. Rac1 c5 17. d5 Bd6 18. Nc4 Nxc4 19. Qxc4 f5 20. exf5 Bxf3 21. Bxf3
Qf6 22. b3 Qe5 23. g3 Rc7 24. Qe4 Qf6 25. Rfe1 Re7 26. Qd3 Rfe8 27. Re2 Rxe2 28.
Bxe2 Re5 29. g4 h5 30. Rc4 Qe7 31. Kf1 Qg5 32. f4 Rxf5 33. Qxf5 Qh4 34. gxh5 1-0

[Event "Olimpiade 2024 - Donne"]
[Site "Budapest"]
[Date "21.09.2024"]
[Round "10.70"]
[Board "3"]
[White "Yaqoob, Wafa"]
[Black "Simwaba, Anne"]
[Result "1-0"]
[WhiteElo "1438"]
[BlackElo "1596"]
[WhiteTeam "Bahrain"]
[BlackTeam "Malawi"]
[WhiteFideId "11205857"]
[BlackFideId "20500718"]
[EventDate "2024.09.11"]

1. e4 d5 2. exd5 Qxd5 3. Nf3 Qd8 4. d4 Nf6 5. c4 e6 6. Nc3 Be7 7. Bd3 b6 8. O-O
Bb7 9. Bf4 O-O 10. Qe2 a6 11. Rad1 Nbd7 12. Ne5 Rc8 13. Bc2 Re8 14. Rfe1 c5 15.
dxc5 Bxc5 16. Nxd7 Nxd7 17. Qd3 Nf6 18. Qg3 Qe7 19. Bh6 Nh5 20. Qg4 Qf6 21. Be3
Bxe3 22. Rxe3 g6 23. Be4 Rxc4 24. Qe2 Rc7 25. Bxb7 Rxb7 26. Ne4 Qe7 27. Nd6 Rd8
28. Nxb7 Rxd1+ 29. Qxd1 Qxb7 30. Qd8+ Kg7 31. f3 Qc6 32. Rc3 Qb5 33. Rc8 1-0

[Event "Olimpiade 2024 - Donne"]
[Site "Budapest"]
[Date "21.09.2024"]
[Round "10.70"]
[Board "4"]
[White "Jaylos Rachel"]
[Black "Obaid, Sondos"]
[Result "0-1"]
[WhiteElo "1540"]
[BlackElo "1457"]
[WhiteTeam "Malawi"]
[BlackTeam "Bahrain"]
[WhiteFideId "20506970"]
[BlackFideId "11205377"]
[EventDate "2024.09.11"]

1. e4 c6 2. d4 d5 3. e5 c5 4. c3 Nc6 5. Bf4 cxd4 6. cxd4 Qb6 7. b3 Qxd4 8. Qxd4
Nxd4 9. Bd3 e6 10. Ne2 Bc5 11. O-O Nxe2+ 12. Bxe2 Bd4 13. Nc3 Bxc3 14. Rac1 Ba5
15. Rc2 Bd7 16. a3 Ne7 17. h4 O-O 18. h5 h6 19. g4 Rac8 20. Rxc8 Rxc8 21. b4 Bb6
22. Kg2 Rc3 23. Bc1 Nc6 24. Re1 Nxe5 25. Bb2 Rc2 26. Bxe5 Ra2 27. Bg3 Rxa3 28.
Rb1 a6 29. Bd6 Ra2 30. Kf3 d4 31. Bd3 Bc6+ 32. Be4 Bxe4+ 33. Kxe4 Rxf2 34. Bc5
Bxc5 35. bxc5 Rc2 36. Kxd4 Rd2+ 37. Kc4 Rd7 38. Re1 Kh7 39. Kc3 g6 40. Kc4 gxh5
41. gxh5 Kg7 42. Kb4 Rc7 43. Rd1 f5 44. Rg1+ Kh7 45. Rg6 Rc6 46. Rf6 a5+ 47.
Kxa5 Rxc5+ 48. Kb6 Re5 49. Kxb7 f4 50. Rxf4 Rxh5 51. Re4 Rg5 52. Rxe6 h5 53. Re4
Rg4 54. Re1 h4 55. Kc6 Kh6 56. Kd5 Kh5 57. Ke5 h3 58. Kf5 Kh4 59. Rh1 Rg2 60.
Ra1 h2 61. Ra4+ Kh3 62. Ra3+ Rg3 63. Ra1 Rf3+ 64. Ke4 Kg2 65. Rb1 Rf1 66. Rb2+
Rf2 67. Rb1 h1=Q 68. Rxh1 Kxh1 69. Ke3 Kg2 70. Ke4 Rf3 0-1

[Event "Olimpiade 2024 - Donne"]
[Site "Budapest"]
[Date "21.09.2024"]
[Round "10.71"]
[Board "1"]
[White "Al Balushi, Mariya"]
[Black "Swaminathan, Laia"]
[Result "1/2-1/2"]
[WhiteElo "1561"]
[BlackElo "1620"]
[WhiteTeam "Oman"]
[BlackTeam "Cayman Islands"]
[WhiteFideId "22000330"]
[BlackFideId "33100063"]
[EventDate "2024.09.11"]

1. e4 e5 2. Nf3 Nc6 3. Bb5 a6 4. Ba4 Nf6 5. d4 exd4 6. O-O Be7 7. e5 Nd5 8. c3
b5 9. Bb3 Nb6 10. Nxd4 Nxe5 11. Re1 Ng6 12. Nf5 O-O 13. Nxe7+ Nxe7 14. Bg5 Re8
15. Qf3 d5 16. Nd2 Be6 17. Rad1 Qc8 18. h3 Ng6 19. Nf1 h6 20. Be3 Nc4 21. Bc1
Nce5 22. Qg3 Nc4 23. Bc2 Qd7 24. Bxg6 fxg6 25. Qxg6 Bf5 26. Qg3 Rxe1 27. Rxe1
Kh7 28. b3 Nd6 29. Nd2 Ne4 30. Nxe4 Bxe4 1/2-1/2

[Event "Olimpiade 2024 - Donne"]
[Site "Budapest"]
[Date "21.09.2024"]
[Round "10.71"]
[Board "3"]
[White "Al Ghafri, Alanoud"]
[Black "Majid, Zara"]
[Result "0-1"]
[WhiteElo "1546"]
[BlackElo "1411"]
[WhiteTeam "Oman"]
[BlackTeam "Cayman Islands"]
[WhiteFideId "22000313"]
[BlackFideId "33100624"]
[EventDate "2024.09.11"]

1. e4 d6 2. d4 Nf6 3. Nc3 g6 4. f3 Bg7 5. Be3 O-O 6. Qd2 Nbd7 7. h4 c5 8. Nge2
cxd4 9. Nxd4 Qa5 10. Nb3 Qd8 11. O-O-O a6 12. h5 Nxh5 13. g4 Ng3 14. Rh3 Nxf1
15. Rxf1 Bxc3 16. Qxc3 f6 17. g5 Ne5 18. Rh2 f5 19. Rfh1 Rf7 20. exf5 Bxf5 21.
Bf4 Rc8 22. Qe3 Qc7 23. Nd4 Nd3+ 24. Kb1 Nxf4 25. Qxf4 Bxc2+ 26. Rxc2 Qxc2+ 27.
Nxc2 Rxf4 28. Ne3 Rxf3 29. Nd5 Rf7 30. a4 Rc5 31. Nf4 Rxf4 32. Ka2 Rxg5 33. Rc1
Rc5 34. Re1 Re5 35. Rc1 Rfe4 36. Rc7 Rc5 37. Rxb7 Rxa4+ 38. Kb1 Kf7 39. b3 Rb5
40. Rxb5 axb5 41. bxa4 bxa4 0-1

[Event "Olimpiade 2024 - Donne"]
[Site "Budapest"]
[Date "21.09.2024"]
[Round "10.72"]
[Board "1"]
[White "Magne Kouokam Sylviane"]
[Black "Ruddy, Rachel"]
[Result "1-0"]
[WhiteTitle "WCM"]
[BlackTitle "WCM"]
[WhiteElo "1587"]
[BlackElo "1662"]
[WhiteTeam "Cameroon"]
[BlackTeam "Jersey"]
[WhiteFideId "16400402"]
[BlackFideId "15600599"]
[EventDate "2024.09.11"]

1. d4 Nf6 2. c4 g6 3. Nf3 Bg7 4. Nc3 d6 5. Bf4 O-O 6. e3 Bg4 7. Be2 Nbd7 8. Qb3
Qc8 9. h3 Bxf3 10. Bxf3 c6 11. O-O Re8 12. Rfe1 e5 13. dxe5 Nxe5 14. Be2 Ned7
15. Bxd6 Re6 16. Rad1 Nb6 17. c5 Nbd5 18. Nxd5 Nxd5 19. Bf3 Nc7 20. e4 Nb5 21.
Bg4 Kh8 22. Bxe6 fxe6 23. e5 Nc7 24. Bxc7 Qxc7 25. Qxe6 Rf8 26. Rd7 Qa5 27. Red1
Qxc5 28. Rf7 Rxf7 29. Qxf7 h6 30. Rd8+ Kh7 31. Qg8# 1-0

[Event "Olimpiade 2024 - Donne"]
[Site "Budapest"]
[Date "21.09.2024"]
[Round "10.72"]
[Board "2"]
[White "Ashbrooke, Monika"]
[Black "Danwe Maissiri Carole"]
[Result "1-0"]
[WhiteElo "1650"]
[BlackElo "1456"]
[WhiteTeam "Jersey"]
[BlackTeam "Cameroon"]
[WhiteFideId "15600262"]
[BlackFideId "16401239"]
[EventDate "2024.09.11"]

1. d4 d5 2. Nf3 Nf6 3. g3 e6 4. Bg2 Be7 5. O-O O-O 6. c4 Nbd7 7. Nc3 Rb8 8. c5
c6 9. Bf4 Ra8 10. Re1 b6 11. b4 a5 12. a3 Bb7 13. e4 dxe4 14. Nxe4 Nxe4 15. Rxe4
Nf6 16. Re1 Nd5 17. Qd2 Bf6 18. Bd6 Re8 19. bxa5 Rxa5 20. cxb6 Qxb6 21. Rab1 Rb5
22. Bc5 Qd8 23. a4 Rxb1 24. Rxb1 Ba8 25. a5 Ne7 26. a6 Qc7 27. a7 Nc8 28. Rb8
Nd6 29. Bxd6 Qd7 30. Rxe8+ Qxe8 31. Qb4 Qd7 32. Ne5 Qxa7 33. Qb8+ Qxb8 34. Bxb8
Bxe5 35. dxe5 Kf8 36. Kf1 Ke8 37. Ke2 Kd8 38. Kd3 Kc8 39. Bd6 Kb7 40. Kc4 Kb6
41. Bc5+ Kc7 42. Bf8 g6 43. Kc5 Bb7 44. Bd6+ Kc8 45. Bxc6 Bxc6 46. Kxc6 Kd8 47.
Bf8 Ke8 48. Bg7 Ke7 49. Bf6+ Kf8 50. Kd6 Ke8 51. g4 h5 52. gxh5 gxh5 53. f3 Kf8
54. Kd7 h4 55. Bxh4 Kg7 56. Bf6+ Kg6 57. Ke7 1-0

[Event "Olimpiade 2024 - Donne"]
[Site "Budapest"]
[Date "21.09.2024"]
[Round "10.73"]
[Board "1"]
[White "Lima, Izidora Lourenco"]
[Black "Andhin, Chethanah"]
[Result "1/2-1/2"]
[BlackTitle "WCM"]
[WhiteElo "1579"]
[BlackElo "1607"]
[WhiteTeam "Sao Tome and Principe"]
[BlackTeam "Mauritius"]
[WhiteFideId "16900200"]
[BlackFideId "9700463"]
[EventDate "2024.09.11"]

1. e4 e6 2. d4 d5 3. exd5 exd5 4. Nf3 Bd6 5. Bd3 Ne7 6. O-O O-O 7. Re1 Nbc6 8.
c3 Bf5 9. Ng5 Bxd3 10. Qxd3 Ng6 11. Be3 Qf6 12. Nd2 Nce7 13. Nh3 Qf5 14. Qxf5
Nxf5 15. Re2 Nxe3 16. fxe3 Rae8 17. e4 Nf4 18. Nxf4 Bxf4 19. e5 f6 20. Nf3 Re6
21. g3 Bh6 22. Rae1 fxe5 23. Nxe5 Rfe8 24. Rf1 g6 25. Kg2 Bg7 26. Rfe1 b5 27. h4
Bf8 28. Kf2 Bd6 29. g4 Rf8+ 30. Kg3 Ref6 31. Re3 h5 32. Kh3 hxg4+ 33. Nxg4 Rf3+
34. Kg2 R3f4 35. Kh3 Rf3+ 36. Kg2 R3f4 37. Kh3 Rf3+ 38. Kg2 1/2-1/2

[Event "Olimpiade 2024 - Donne"]
[Site "Budapest"]
[Date "21.09.2024"]
[Round "10.74"]
[Board "1"]
[White "Nomcebo, Sibisi"]
[Black "Maly Inthavong"]
[Result "1-0"]
[WhiteElo "1570"]
[BlackElo "1633"]
[WhiteTeam "Eswatini"]
[BlackTeam "Laos"]
[WhiteFideId "20701152"]
[BlackFideId "17701651"]
[EventDate "2024.09.11"]

1. d4 d5 2. Nf3 Nc6 3. g3 Bf5 4. Bg2 Nb4 5. Na3 e6 6. O-O Nf6 7. c3 Nc6 8. Nb1
Bd6 9. Nbd2 O-O 10. Nh4 Bg6 11. Nxg6 fxg6 12. c4 Nxd4 13. cxd5 Nxd5 14. Nc4 Qf6
15. Nxd6 cxd6 16. e3 Nf3+ 17. Kh1 Rad8 18. Rb1 Qf5 19. Bd2 Qh5 20. h3 g5 21. e4
g4 22. exd5 gxh3 23. Bxf3 Rxf3 24. Kh2 exd5 25. b4 Rdf8 26. Be3 Qf5 27. Rb2 h5
28. Rd2 h4 29. Rg1 g5 30. Rxd5 Rxf2+ 31. Bxf2 Qxf2+ 32. Kxh3 Rf3 33. Rxg5+ Kh7
34. Qb1+ Kh8 35. Rh5+ Kg7 36. Qh7+ Kf6 37. Qh6+ Ke7 38. Qg5+ Kd7 39. Rh7+ Kc6
40. Rc1+ Kb6 41. Qa5# 1-0

[Event "Olimpiade 2024 - Donne"]
[Site "Budapest"]
[Date "21.09.2024"]
[Round "10.75"]
[Board "1"]
[White "Magno, Angelica"]
[Black "Asha huang Limboo"]
[Result "0-1"]
[WhiteElo "1544"]
[BlackElo "1420"]
[WhiteTeam "Palau"]
[BlackTeam "Bhutan"]
[WhiteFideId "16601505"]
[BlackFideId "17500753"]
[EventDate "2024.09.11"]

1. d4 Nf6 2. c4 d5 3. Nc3 e6 4. Nf3 h6 5. Bf4 Bb4 6. e3 Bxc3+ 7. bxc3 Nc6 8. Bd3
Qe7 9. O-O a6 10. c5 b6 11. cxb6 cxb6 12. Qc2 b5 13. a4 b4 14. Ne5 Nxe5 15. Bxe5
O-O 16. cxb4 Bd7 17. Rfb1 Rfc8 18. Qe2 a5 19. b5 Ne4 20. Bxe4 dxe4 21. h3 Qh4
22. Bg3 Qg5 23. Bf4 Qe7 24. Qh5 f6 25. Qg6 Be8 26. Qxe4 f5 27. Qf3 Qd8 28. Be5
Qg5 29. Qb7 Bf7 30. b6 Be8 31. d5 Rd8 32. dxe6 Rac8 33. Rd1 Bc6 34. Rxd8+ Kh7
35. Qxc8 Qxg2# 0-1

[Event "Olimpiade 2024 - Donne"]
[Site "Budapest"]
[Date "21.09.2024"]
[Round "10.75"]
[Board "3"]
[White "Gemota, Joan"]
[Black "Yeshey lhaden"]
[Result "0-1"]
[WhiteElo "1567"]
[BlackElo "1514"]
[WhiteTeam "Palau"]
[BlackTeam "Bhutan"]
[WhiteFideId "16601289"]
[BlackFideId "17501237"]
[EventDate "2024.09.11"]

1. d4 d5 2. Nf3 Nf6 3. Bg5 h6 4. Bf4 Bf5 5. e3 Ne4 6. Bd3 e6 7. c4 Bb4+ 8. Nbd2
g5 9. Qa4+ Nc6 10. cxd5 exd5 11. Ne5 Bxd2+ 12. Kf1 gxf4 13. Bb5 O-O 14. Nf3 fxe3
15. fxe3 Bxe3 16. Qa3 Nd2+ 17. Nxd2 Bxd2 18. Qg3+ Bg5 19. h4 f6 20. hxg5 fxg5
21. Kg1 Qf6 22. Rf1 Qxd4+ 23. Rf2 Rf6 24. Bxc6 bxc6 25. Rxh6 Rxh6 26. Qxg5+ Qg7
27. Qxf5 Rf6 28. Qe5 Rxf2 29. Qxg7+ Kxg7 30. Kxf2 Re8 31. g4 d4 32. b4 d3 33.
Kf3 d2 0-1

[Event "Olimpiade 2024 - Donne"]
[Site "Budapest"]
[Date "22.09.2024"]
[Round "11.1"]
[White "Assaubayeva, Bibisara"]
[Black "Tokhirjonova, Gulrukhbegim"]
[Result "1-0"]
[WhiteElo "2482"]
[BlackElo "2380"]
[TimeControl "40/5400+30:1800+30"]
[EventDate "2024.09.11"]
[Board "1"]
[WhiteFideId "13708694"]
[BlackFideId "14203626"]
[WhiteTeam "Kazakhstan"]
[BlackTeam "United States of America"]

1. c4 Nf6 2. Nc3 e5 3. Nf3 Nc6 4. g3 Nd4 5. Bg2 Nxf3+ 6. Bxf3 Bb4 7. Qb3 a5
8. g4 h6 9. d3 d5 10. cxd5 Bxg4 11. Bg2 O-O 12. h3 Bh5 13. Bd2 Re8 14. Rg1
Ra6 15. O-O-O Qd6 16. Rde1 a4 17. Qc4 a3 18. b3 Ra5 19. Kb1 Bxc3 20. Bxc3
Rc5 21. Bb4 Rxc4 22. Bxd6 Rf4 23. Bxc7 Rxf2 24. d6 Bxe2 25. Bxb7 Bxd3+ 26.
Ka1 Bb5 27. Re3 Nd7 28. b4 e4 29. Rxe4 Rxe4 30. Bxe4 Rf4 31. Re1 f5 32. Bc2
Rxb4 33. Bxf5 Nf6 34. Re3 Rf4 35. Be6+ Kh7 36. Rxa3 Rf1+ 37. Kb2 Re1 38.
Bf5+ g6 39. Bd3 Bd7 40. Bd8 Re6 41. Bxf6 Rxd6 42. Be7 Rb6+ 43. Kc3 Bxh3 44.
Ra7 Kg8 45. a4 Bg2 46. Bc5 Rb7 47. Ra6 h5 48. Rxg6+ Rg7 49. Rh6 Rg5 50. Bd4
Kf8 51. Be2 Bd5 52. Bc4 Bg2 53. Bf6 Rg3+ 54. Kb4 Ke8 55. Be6 Rg4+ 56. Kc5
1-0

[Event "Olimpiade 2024 - Donne"]
[Site "Budapest"]
[Date "22.09.2024"]
[Round "11.1"]
[White "Yip, Carissa"]
[Black "Kamalidenova, Meruert"]
[Result "1-0"]
[WhiteElo "2386"]
[BlackElo "2352"]
[TimeControl "40/5400+30:1800+30"]
[EventDate "2024.09.11"]
[Board "2"]
[WhiteFideId "2090732"]
[BlackFideId "13712802"]
[WhiteTeam "United States of America"]
[BlackTeam "Kazakhstan"]

1. c4 Nf6 2. Nc3 g6 3. e4 d6 4. d4 Bg7 5. h3 O-O 6. Be3 Nfd7 7. Nf3 a6 8.
Qd2 c5 9. Be2 Nc6 10. O-O cxd4 11. Nxd4 Nc5 12. Rfd1 Be6 13. Rab1 a5 14. b3
Bd7 15. Ndb5 b6 16. f4 Na7 17. Nd4 e5 18. Nf3 exf4 19. Bxf4 Re8 20. Bd3 Bc6
21. Bg5 f6 22. Bh4 Nc8 23. Bc2 Ra7 24. Nd4 Ba8 25. Rf1 Rf7 26. Rbe1 Na7 27.
a3 Nc6 28. Nxc6 Bxc6 29. b4 Ne6 30. Bb3 Kh8 31. Kh1 Qd7 32. Nd5 Bxd5 33.
Qxd5 a4 34. Ba2 Rff8 35. Bg3 Rd8 36. c5 Rfe8 37. cxd6 Ng5 38. Bc4 Qc8 39.
Bb5 Qc3 40. Kh2 Rf8 41. d7 Nf7 42. e5 Nxe5 43. Rxe5 Qxa3 44. Re8 Qxb4 45.
Rfe1 a3 46. Rxd8 1-0